Public Policy and equal pay (Record no. 16663)

000 -LEADER
fixed length control field 00405pab a2200133 454500
008 - FIXED-LENGTH DATA ELEMENTS--GENERAL INFORMATION
fixed length control field 180718b1985 xxu||||| |||| 00| 0 eng d
100 ## - MAIN ENTRY--PERSONAL NAME
Personal name Andiappan, P.
245 ## - TITLE STATEMENT
Title Public Policy and equal pay
Remainder of title A comparative study of equal pay laws in Canada, U.S.A. and U.K.
260 ## - PUBLICATION, DISTRIBUTION, ETC.
Date of publication, distribution, etc. 1985
300 ## - PHYSICAL DESCRIPTION
Extent 24-31
650 ## - SUBJECT ADDED ENTRY--TOPICAL TERM
Topical term or geographic name entry element Public Policy
773 ## - HOST ITEM ENTRY
Main entry heading International Review of Administrtive Sciences
909 ## -
-- 16663
Holdings
Withdrawn status Lost status Damaged status Not for loan Permanent Location Current Location Date acquired Serial Enumeration / chronology Barcode Date last seen Price effective from Koha item type
        Indian Institute of Public Administration Indian Institute of Public Administration 2018-07-19 Volume no: 51, Issue no: 1 AR16723 2018-07-19 2018-07-19 Articles

Powered by Koha